| 000 | 00789nam a2200253 4500 | ||
|---|---|---|---|
| 003 | OSt | ||
| 005 | 20260601193902.0 | ||
| 008 | 260508b1982 ||| |||| |||| 00| 0 spa d | ||
| 040 |
_aICI _bspa _cICI _erda |
||
| 050 |
_aLA421 _bR35 |
||
| 100 |
_aRamírez Castañeda, Rafael _eautor _934023 |
||
| 245 |
_aLa escuela rural mexicana/ _cRamírez Castañeda, Rafael |
||
| 250 | _a2a ed. | ||
| 264 |
_aMéxico _bSecretaria de Educación Pública _c1982 |
||
| 300 | _a212 páginas | ||
| 336 |
_2rdacontent _atexto |
||
| 337 |
_2rdamedia _asin medio |
||
| 338 |
_2rdacarrier _avolumen |
||
| 650 |
_aEducación rural _zMéxico _925016 |
||
| 650 |
_aEscuelas rurales _zMéxico _934024 |
||
| 650 |
_aPolítica educativa _zMéxico |
||
| 650 |
_aDesarrollo comunitario rural _934026 |
||
| 942 |
_2lcc _n1 _cB |
||
| 999 |
_c22273 _d22273 |
||